The Romance of Tristran by Beroul and Beroul II : A Diplomatic Edition and a Critical Edition /
This volume is a comprehensive and up-to-date presentation of this story, including the first ever diplomatic edition of the text, replicating the exact state of the original manuscript.
| Main Author: | |
|---|---|
| Other Authors: | |
| Format: | Electronic eBook |
| Language: | Inglés Old French |
| Published: |
Toronto :
University of Toronto Press,
[2015]
|
| Series: | Book collections on Project MUSE.
|
| Subjects: | |
| Online Access: | Texto completo |
MARC
| LEADER | 00000cam a22000004a 4500 | ||
|---|---|---|---|
| 001 | musev2_106749 | ||
| 003 | MdBmJHUP | ||
| 005 | 20230905054129.0 | ||
| 006 | m o d | ||
| 007 | cr||||||||nn|n | ||
| 008 | 150511s2015 onc o 00 0 eng d | ||
| 020 | |a 9781442621688 | ||
| 020 | |z 9781442621695 | ||
| 020 | |z 9781442649873 | ||
| 035 | |a (OCoLC)908685913 | ||
| 040 | |a MdBmJHUP |c MdBmJHUP | ||
| 041 | 0 | |a fro |a eng | |
| 100 | 0 | |a Beroul, |d active 12th century. | |
| 240 | 1 | 0 | |a Roman de Tristan |
| 245 | 1 | 4 | |a The Romance of Tristran by Beroul and Beroul II : |b A Diplomatic Edition and a Critical Edition / |c [edited] by Barbara N. Sargent-Baur. |
| 264 | 1 | |a Toronto : |b University of Toronto Press, |c [2015] | |
| 264 | 3 | |a Baltimore, Md. : |b Project MUSE, |c 2023 | |
| 264 | 4 | |c ©[2015] | |
| 300 | |a 1 online resource (360 pages): |b map | ||
| 336 | |a text |b txt |2 rdacontent | ||
| 337 | |a computer |b c |2 rdamedia | ||
| 338 | |a online resource |b cr |2 rdacarrier | ||
| 505 | 0 | |a Diplomatic edition -- Critical edition -- Rejected readings -- Notes. | |
| 520 | |a This volume is a comprehensive and up-to-date presentation of this story, including the first ever diplomatic edition of the text, replicating the exact state of the original manuscript. | ||
| 546 | |a Poem in Old French; introduction in English. | ||
| 588 | |a Description based on print version record. | ||
| 600 | 0 | 7 | |a Tristan |c (Legendary character) |2 fast |0 (OCoLC)fst01157190 |
| 600 | 0 | 0 | |a Tristan |c (Legendary character) |v Romances. |
| 650 | 7 | |a Arthurian romances. |2 fast |0 (OCoLC)fst00817169 | |
| 650 | 7 | |a LITERARY CRITICISM / Medieval |2 bisacsh | |
| 650 | 7 | |a POETRY |x Ancient, Classical & Medieval. |2 bisacsh | |
| 650 | 6 | |a Cycle d'Arthur. | |
| 650 | 0 | |a Arthurian romances. | |
| 655 | 7 | |a Romances. |2 fast |0 (OCoLC)fst01423856 | |
| 655 | 7 | |a Electronic books. |2 local | |
| 700 | 1 | |a Sargent-Baur, Barbara Nelson, |e editor. | |
| 710 | 2 | |a Project Muse. |e distributor | |
| 830 | 0 | |a Book collections on Project MUSE. | |
| 856 | 4 | 0 | |z Texto completo |u https://projectmuse.uam.elogim.com/book/106749/ |
| 945 | |a Project MUSE - Custom Collection | ||


